Is it Bread? - Statistics

General Stats
  • This quiz has been taken 66 times
  • The average score is 27 of 30
Answer Stats
Hint Answer % Correct
Baguette
Yes
100%
Bagel
Yes
100%
Brioche
Yes
98%
Cornbread
Yes
97%
Pita
Yes
97%
Garlic bread
Yes
97%
Omelet No
97%
Sourdough
Yes
95%
Mashed potatoes No
95%
Pork No
95%
Custard No
95%
Naan
Yes
94%
Chocolate No
94%
Pizza crust
Yes
92%
Ciabatta
Yes
92%
Tofu No
92%
French fries No
92%
Buttermilk No
91%
Penne pasta No
91%
Oats No
89%
Risotto No
88%
Focaccia
Yes
86%
Rye
Yes
86%
Pumpernickel
Yes
83%
Cookie dough No
80%
Brownies No
80%
Rice cakes No
79%
Tortilla
Yes
77%
Crêpes
Yes
59%
Waffles
Yes
55%
No matching quizzes found
Score Distribution
Percent of People with Each Score
Percentile by Number Answered
Your Score History
You have not taken this quiz